Methods of physical education / (Record no. 29677)

MARC details
000 -LEADER
fixed length control field 00844nam a2200217 a 4500
005 - DATE AND TIME OF LATEST TRANSACTION
control field 20090827112950.0
008 - FIXED-LENGTH DATA ELEMENTS--GENERAL INFORMATION
fixed length control field 850322s1983 ii b 001 0 eng
010 ## - LCCN (DPL NO)
LC control number ENG-94921
020 ## - INTERNATIONAL STANDARD BOOK NUMBER
Terms of availability 300.00
International Standard Book Number 9788178795133
035 ## - SYSTEM CONTROL NUMBER
System control number EN-78454
037 ## - SOURCE OF ACQUISITION
Source of stock number/acquisition DBAD / PUB
040 ## - CATALOGING SOURCE
Original cataloging agency dpl
Language of cataloging English
082 ## - DEWEY DECIMAL CLASSIFICATION NUMBER
Classification number 796.07
245 ## - TITLE STATEMENT
Title Methods of physical education /
Statement of responsibility, etc edited & compiled by Sharad Chandra Mishra
260 ## - PUBLICATION, DISTRIBUTION, ETC. (IMPRINT)
Place of publication, distribution, etc New Delhi
Name of publisher, distributor, etc Sports Publications
Date of publication, distribution, etc 2009
270 ## - ADDRESS
Address 7/26, Ground Floor, Ansari Road, Darya Ganj
City New Delhi
Postal code 110002
300 ## - PHYSICAL DESCRIPTION
Extent 272p.
Dimensions 22cm(pbk)
700 ## - ADDED ENTRY--PERSONAL NAME
Personal name Mishra, Sharad Chandra
942 ## - ADDED ENTRY ELEMENTS (KOHA)
Source of classification or shelving scheme Dewey Decimal Classification
Item type English Books
Call number suffix MET
Classification part 796.07
Holdings
Withdrawn status Lost status Source of classification or shelving scheme Damaged status Not for loan Collection code Home library Current library Date acquired Source of acquisition Cost, normal purchase price Total Checkouts Full call number Barcode Date last seen Copy number Cost, replacement price Koha item type
    Dewey Decimal Classification   Not For Loan Non-fiction D.B.Act.Division D.B.Act.Division 27/08/2009 DBAD / PUB 300.00   796.07 MET EN-78454 27/08/2009 1 300.00 English Books

© Delhi Public Library
Hit Counter
free hit counter